书目信息 |
| 题名: |
高电压技术
|
|
| 作者: | 王伟 , 屠幼萍 编著 | |
| 分册: | ||
| 出版信息: | 北京 机械工业出版社 2011 |
|
| 页数: | 226页 | |
| 开本: | 26cm | |
| 丛书名: | ||
| 单 册: | ||
| 中图分类: | TM8 | |
| 科图分类: | ||
| 主题词: | 高电压--技术--高等学校--教材 , 高电压 | |
| 电子资源: | ||
| ISBN: | 978-7-111-33081-3 | |
| 000 | 00988nam0 2200277 450 | |
| 001 | 3348 | |
| 005 | 20160926084343.46 | |
| 010 | @a978-7-111-33081-3@b平装@dCNY28.00 | |
| 100 | @a20120131d2011 em y0chiy50 ea | |
| 101 | 0 | @achi |
| 102 | @aCN@b110000 | |
| 105 | @aa z 000yy | |
| 200 | 1 | @a高电压技术@9gao dian ya ji shu@b专著@dHigh voltage technology@f王伟,屠幼萍编著@zeng |
| 205 | @a2版 | |
| 210 | @a北京@c机械工业出版社@d2011 | |
| 215 | @a226页@c图@d26cm | |
| 300 | @a高等院校精品课程系列教材·校级 | |
| 330 | @a本书内容包括:气体放电的基本物理过程;气体介质的电气强度;高电压绝缘中气体、固体、液体和组合绝缘的电气特性;电气设备绝缘预防性试验;电气设备绝缘在线监测等。 | |
| 510 | 1 | @aHigh voltage technology@zeng |
| 606 | 0 | @a高电压@x技术@x高等学校@j教材 |
| 606 | 0 | @a高电压 |
| 690 | @aTM8@v4 | |
| 701 | 0 | @a王伟@9wang wei@c(电力)@4编著 |
| 701 | 0 | @a屠幼萍@9tu you ping@c(女,@f1966~)@4编著 |
| 801 | 0 | @aCN@b唐山师范学院图书馆@c20151001 |
| 905 | @aZUCC@dTM8@e40=2 | |
| 高电压技术=High voltage technology/王伟,屠幼萍编著.-2版.-北京:机械工业出版社,2011 |
| 226页:图;26cm |
| 高等院校精品课程系列教材·校级 |
| ISBN 978-7-111-33081-3(平装):CNY28.00 |
| 本书内容包括:气体放电的基本物理过程;气体介质的电气强度;高电压绝缘中气体、固体、液体和组合绝缘的电气特性;电气设备绝缘预防性试验;电气设备绝缘在线监测等。 |
| ● |
| 相关链接 |
|
|
|
|
正题名:高电压技术
索取号:TM8/40=2
 
预约/预借
| 序号 | 登录号 | 条形码 | 馆藏地/架位号 | 状态 | 备注 |
| 1 | 904387 | 209043872 | 第二样本阅览室/ [索取号:TM8/40=2] | 在馆 | |
| 2 | 904388 | 209043881 | 密集书库-物理学院/ [索取号:TM8/40=2] | 在馆 | |
| 3 | 904389 | 209043890 | 第三借阅区/ [索取号:TM8/40=2] | 在馆 | |
| 4 | 904390 | 209043907 | 第三借阅区/ [索取号:TM8/40=2] | 在馆 | |
| 5 | 904391 | 209043916 | 第三借阅区/ [索取号:TM8/40=2] | 在馆 |